UEFA Champions League 2018-19 - Statistics

General Stats
  • This quiz has been taken 608 times
  • The average score is 22 of 32
Answer Stats
Hint Answer % Correct
G Real Madrid
98%
B Barcelona
97%
C Liverpool
97%
E Ajax
93%
B Tottenham
93%
H Juventus
92%
H Manchester United
92%
E Bayern
91%
F Manchester City
90%
C PSG
90%
A Borussia Dortmund
88%
A Atlético de Madrid
87%
B Internazionale
87%
D Porto
82%
F Olympique Lyonnais
79%
C Napoli
77%
G Roma
77%
E Benfica
73%
B PSV
69%
H Valencia
64%
F Shakhtar Donetsk
58%
A Monaco
57%
D Schalke 04
53%
C Crvena Zvezda
52%
H Young Boys
49%
A Club Brugge
46%
D Galatasaray
44%
G CSKA Moscow
42%
E AEK
33%
F Hoffenheim
31%
D Lokomotiv Moscow
26%
G Viktoria Plzen
23%
No matching quizzes found
Score Distribution
Percent of People with Each Score
Percentile by Number Answered
Your Score History
You have not taken this quiz